| 000 | 00560nam a2200193 i 4500 | ||
|---|---|---|---|
| 001 | 45858 | ||
| 003 | ES-MaACL | ||
| 005 | 20230906161305.0 | ||
| 007 | t| | ||
| 008 | 030327s1848 gw ||||1| eng d | ||
| 100 | 1 |
_aCollins, Wilkie. _939744 |
|
| 245 | 1 | 4 |
_aThe Hamted Hotel a mystery of modern Venice / _cby Wilkie Collins. |
| 260 |
_aLeipzig : _bBern Tauchintz, _c1848. |
||
| 300 |
_a288 p. ; _c16 cm. |
||
| 490 | 1 | _aCollection of British authors | |
| 830 | 0 |
_aCollection of British authors _9180703 |
|
| 852 |
_aES-MaACL _jG-12460 |
||
| 999 |
_c45858 _d45858 |
||